Tilastot visalle Maat, jotka päättyvät kirjaimeen I

Klikkaa tästä pelataksesi tätä visaa!

Yleistilastot

  • Tätä visaa on pelattu 35 kertaa
  • Keskiarvotulos 3 / 9

Vastaustilastot

maa% Oikein
Kiribati
59%
Mali
59%
Fidži
37%
Malawi
37%
Haiti
30%
Brunei
26%
Burundi
22%
Djibouti
19%
Eswatini
7%

Tulosjakauma

Persentiili vastausten määrän mukaan

Jokaisen tuloksen saaneiden osuus

Tuloshistoriasi

Et ole pelannut tätä visaa